00481nam a2200193Ia 4500003000900000008004100009040001300050040001300063041000800076100002600084245009400110250001100204260001200215260000900227300001100236300001000247490002400257490000600281IT-RoPAU120407s9999 xx 000 0 und d aIT-RoPAU cIT-RoPAU aita aMarcus Tullius Cicero a"Le Catilinarie. Intr. trad. e note di Lidia Storoni Mazzolani. Testo latino a fronte." aMilano aRizzoli c1985 a200 p. c18 cm aClassici Bur, L 206 v1